| 000 | 00723cam a22002531 4500 | ||
|---|---|---|---|
| 999 |
_c20300 _d20300 |
||
| 001 | 3602243 | ||
| 003 | OSt | ||
| 005 | 20170118165817.0 | ||
| 008 | 900924s1971 at b 000 0 eng | ||
| 010 | _a 70859490 | ||
| 015 | _aAus*** | ||
| 020 | _a0195503554 | ||
| 040 |
_aDLC _cDLC _dDLC |
||
| 050 | 0 | 0 | _aLB 1025.2.R64 1971 |
| 082 | 0 | 0 | _a371.1 |
| 100 | 1 |
_aRoe, Ernest. _d1971 |
|
| 245 | 1 | 0 |
_aSome dilemmas of teaching. _cErnest Roe |
| 260 |
_aMelbourne, _aNew York, _bOxford University Press, _c1971 |
||
| 300 |
_a183 p. _c21 cm. |
||
| 504 | _aBibliography: p. 177-179. | ||
| 650 | 0 | _aTeaching. | |
| 906 |
_a7 _bcbc _corignew _d4 _encip _f19 _gy-gencatlg |
||
| 942 |
_2lcc _cBOOKS _hLB 1025.2.R64 1971 _k30547 |
||